书目信息 |
| 题名: |
基本有机化工工艺学
|
|
| 作者: | 吴指南 主编 | |
| 分册: | ||
| 出版信息: | 北京 化学工业出版社 1981 |
|
| 页数: | 440页 | |
| 开本: | 25cm | |
| 丛书名: | ||
| 单 册: | ||
| 中图分类: | TQ2 | |
| 科图分类: | ||
| 主题词: | 有机化工--工艺学 | |
| 电子资源: | ||
| ISBN: | ||
| 000 | 00601nam0 2200229 45 | |
| 001 | 0181003688 | |
| 005 | 20060812163414.59 | |
| 010 | @dCNY2.85 | |
| 091 | @a15063.3214 | |
| 100 | @a19950606d1981 em y0chiy0121 ea | |
| 101 | 0 | @achi |
| 102 | @aCN@b110000 | |
| 105 | @ay z 000yy | |
| 200 | 10 | @a基本有机化工工艺学@Aji ben you ji hua gong gong yi xue@f吴指南主编 |
| 210 | @a北京@c化学工业出版社@d1981 | |
| 215 | @a440页@d25cm | |
| 606 | @a有机化工@x工艺学 | |
| 690 | @aTQ2@v3 | |
| 701 | 0 | @a吴指南@Awu zhi nan@4主编 |
| 801 | 2 | @aCN@bNLC@c20060812 |
| 801 | 0 | @aCN@bTSSF |
| 905 | @a10447@dTQ2@e17 | |
| 基本有机化工工艺学/吴指南主编.-北京:化学工业出版社,1981 |
| 440页;25cm |
| ISBN :CNY2.85 |
| ● |
| 相关链接 |
|
|
|
|
正题名:基本有机化工工艺学
索取号:TQ2/17
 
预约/预借
| 序号 | 登录号 | 条形码 | 馆藏地/架位号 | 状态 | 备注 |
| 1 | 0452451 | 204524513 | 密集书库/ [索取号:TQ2/17] | 在馆 | |
| 2 | 0452452 | 204524522 | 密集书库/ [索取号:TQ2/17] | 在馆 | |
| 3 | 0452453 | 204524531 | 密集书库/ [索取号:TQ2/17] | 在馆 | |
| 4 | 0452454 | 204524540 | 密集书库/ [索取号:TQ2/17] | 在馆 |